<?xml version="1.0" encoding="UTF-8"?>
<record
    xmlns:xsi="http://www.w3.org/2001/XMLSchema-instance"
    xsi:schemaLocation="http://www.loc.gov/MARC21/slim http://www.loc.gov/standards/marcxml/schema/MARC21slim.xsd"
    xmlns="http://www.loc.gov/MARC21/slim">

  <leader>00546nam a22001577a 4500</leader>
  <controlfield tag="003">OSt</controlfield>
  <controlfield tag="005">20151117141935.0</controlfield>
  <controlfield tag="008">151117b        xxu||||| |||| 00| 0 eng d</controlfield>
  <datafield tag="040" ind1=" " ind2=" ">
    <subfield code="c">RUA</subfield>
  </datafield>
  <datafield tag="082" ind1=" " ind2=" ">
    <subfield code="a">FIS &#x179C;&#x17C9;&#x17B6;&#x1793;&#x17CB; 1991 B145 Or.1</subfield>
  </datafield>
  <datafield tag="100" ind1=" " ind2=" ">
    <subfield code="9">3786</subfield>
    <subfield code="a">&#x179C;&#x17C9;&#x17B6;&#x1793;&#x17CB; &#x17A0;&#x17BB;&#x1784;</subfield>
  </datafield>
  <datafield tag="245" ind1=" " ind2=" ">
    <subfield code="a">&#x179F;&#x17D2;&#x1790;&#x17B6;&#x1793;&#x1797;&#x17B6;&#x1796;&#x17A2;&#x1793;&#x17BB;&#x179C;&#x178F;&#x17D2;&#x178F;&#x1795;&#x17C2;&#x1793;&#x1780;&#x17B6;&#x179A;&#x17A2;&#x17B6;&#x1787;&#x17B8;&#x179C;&#x1780;&#x1798;&#x17D2;&#x1798;&#x1793;&#x17C1;&#x179F;&#x17B6;&#x1791;&#x179A;&#x1794;&#x179F;&#x17CB;&#x17A2;&#x1784;&#x17D2;&#x1782;&#x1797;&#x17B6;&#x1796;&#x1794;&#x1784;&#x17D2;&#x1780;&#x1784;&#x179C;&#x17B6;&#x179A;</subfield>
  </datafield>
  <datafield tag="260" ind1=" " ind2=" ">
    <subfield code="a">Phnom Penh</subfield>
    <subfield code="b">RUA</subfield>
    <subfield code="c">1991</subfield>
  </datafield>
  <datafield tag="300" ind1=" " ind2=" ">
    <subfield code="a">90p.</subfield>
    <subfield code="b">ill.</subfield>
    <subfield code="c">29cm.</subfield>
  </datafield>
  <datafield tag="942" ind1=" " ind2=" ">
    <subfield code="2">ddc</subfield>
    <subfield code="c">FIS</subfield>
  </datafield>
  <datafield tag="999" ind1=" " ind2=" ">
    <subfield code="c">3522</subfield>
    <subfield code="d">3522</subfield>
  </datafield>
  <datafield tag="952" ind1=" " ind2=" ">
    <subfield code="0">0</subfield>
    <subfield code="1">0</subfield>
    <subfield code="2">ddc</subfield>
    <subfield code="4">0</subfield>
    <subfield code="6">FIS_&#x179C;&#x17B6;&#x1793;_1991_000000000000000_B145_OR_1</subfield>
    <subfield code="7">0</subfield>
    <subfield code="9">16906</subfield>
    <subfield code="a">LBB</subfield>
    <subfield code="b">LBB</subfield>
    <subfield code="c">B145</subfield>
    <subfield code="d">2015-11-17</subfield>
    <subfield code="o">FIS &#x179C;&#x17C9;&#x17B6;&#x1793;&#x17CB; 1991 B145 Or.1</subfield>
    <subfield code="p">rua012608</subfield>
    <subfield code="r">2015-11-17</subfield>
    <subfield code="w">2015-11-17</subfield>
    <subfield code="y">FIS</subfield>
  </datafield>
  <datafield tag="952" ind1=" " ind2=" ">
    <subfield code="0">0</subfield>
    <subfield code="1">0</subfield>
    <subfield code="2">ddc</subfield>
    <subfield code="4">0</subfield>
    <subfield code="6">FIS_&#x179C;&#x17B6;&#x1793;_1991_000000000000000_B145_OR_2</subfield>
    <subfield code="7">0</subfield>
    <subfield code="9">16907</subfield>
    <subfield code="a">LBB</subfield>
    <subfield code="b">LBB</subfield>
    <subfield code="c">B145</subfield>
    <subfield code="d">2015-11-17</subfield>
    <subfield code="o">FIS &#x179C;&#x17C9;&#x17B6;&#x1793;&#x17CB; 1991 B145 Or.2</subfield>
    <subfield code="p">rua012610</subfield>
    <subfield code="r">2015-11-17</subfield>
    <subfield code="w">2015-11-17</subfield>
    <subfield code="y">FIS</subfield>
  </datafield>
  <datafield tag="952" ind1=" " ind2=" ">
    <subfield code="0">0</subfield>
    <subfield code="1">0</subfield>
    <subfield code="2">ddc</subfield>
    <subfield code="4">0</subfield>
    <subfield code="6">FIS_&#x179C;&#x17B6;&#x1793;_1991_000000000000000_B145_OR_3</subfield>
    <subfield code="7">0</subfield>
    <subfield code="9">16908</subfield>
    <subfield code="a">LBB</subfield>
    <subfield code="b">LBB</subfield>
    <subfield code="c">B145</subfield>
    <subfield code="d">2015-11-17</subfield>
    <subfield code="o">FIS &#x179C;&#x17C9;&#x17B6;&#x1793;&#x17CB; 1991 B145 Or.3</subfield>
    <subfield code="p">rua012682</subfield>
    <subfield code="r">2015-11-17</subfield>
    <subfield code="w">2015-11-17</subfield>
    <subfield code="y">FIS</subfield>
  </datafield>
  <datafield tag="952" ind1=" " ind2=" ">
    <subfield code="0">0</subfield>
    <subfield code="1">0</subfield>
    <subfield code="2">ddc</subfield>
    <subfield code="4">0</subfield>
    <subfield code="6">FIS_&#x179C;&#x17B6;&#x1793;_1991_000000000000000_B145_OR_4</subfield>
    <subfield code="7">0</subfield>
    <subfield code="9">16909</subfield>
    <subfield code="a">LBB</subfield>
    <subfield code="b">LBB</subfield>
    <subfield code="c">B145</subfield>
    <subfield code="d">2015-11-17</subfield>
    <subfield code="o">FIS &#x179C;&#x17C9;&#x17B6;&#x1793;&#x17CB; 1991 B145 Or.4</subfield>
    <subfield code="p">rua036669</subfield>
    <subfield code="r">2015-11-17</subfield>
    <subfield code="w">2015-11-17</subfield>
    <subfield code="y">FIS</subfield>
  </datafield>
  <datafield tag="952" ind1=" " ind2=" ">
    <subfield code="0">0</subfield>
    <subfield code="1">0</subfield>
    <subfield code="2">ddc</subfield>
    <subfield code="4">0</subfield>
    <subfield code="6">FIS_&#x179C;&#x17B6;&#x1793;_1991_000000000000000_B145_OR_5</subfield>
    <subfield code="7">0</subfield>
    <subfield code="9">16910</subfield>
    <subfield code="a">LBB</subfield>
    <subfield code="b">LBB</subfield>
    <subfield code="c">B145</subfield>
    <subfield code="d">2015-11-17</subfield>
    <subfield code="o">FIS &#x179C;&#x17C9;&#x17B6;&#x1793;&#x17CB; 1991 B145 Or.5</subfield>
    <subfield code="p">rua037629</subfield>
    <subfield code="r">2015-11-17</subfield>
    <subfield code="w">2015-11-17</subfield>
    <subfield code="y">FIS</subfield>
  </datafield>
  <datafield tag="952" ind1=" " ind2=" ">
    <subfield code="0">0</subfield>
    <subfield code="1">0</subfield>
    <subfield code="2">ddc</subfield>
    <subfield code="4">0</subfield>
    <subfield code="6">FIS_&#x179C;&#x17B6;&#x1793;_1991_000000000000000_B145_OR_1</subfield>
    <subfield code="7">0</subfield>
    <subfield code="9">16911</subfield>
    <subfield code="a">LBB</subfield>
    <subfield code="b">LBB</subfield>
    <subfield code="c">B145</subfield>
    <subfield code="d">2015-11-17</subfield>
    <subfield code="o">FIS &#x179C;&#x17C9;&#x17B6;&#x1793;&#x17CB; 1991 B145 Or.1</subfield>
    <subfield code="p">rua037142</subfield>
    <subfield code="r">2015-11-17</subfield>
    <subfield code="w">2015-11-17</subfield>
    <subfield code="y">FIS</subfield>
  </datafield>
  <datafield tag="952" ind1=" " ind2=" ">
    <subfield code="0">0</subfield>
    <subfield code="1">0</subfield>
    <subfield code="2">ddc</subfield>
    <subfield code="4">0</subfield>
    <subfield code="6">FIS_&#x179C;&#x17B6;&#x1793;_1991_000000000000000_B145_OR_6</subfield>
    <subfield code="7">0</subfield>
    <subfield code="9">16972</subfield>
    <subfield code="a">LBB</subfield>
    <subfield code="b">LBB</subfield>
    <subfield code="c">B145</subfield>
    <subfield code="d">2015-11-17</subfield>
    <subfield code="o">FIS &#x179C;&#x17C9;&#x17B6;&#x1793;&#x17CB; 1991 B145 Or.6</subfield>
    <subfield code="p">RUA035163</subfield>
    <subfield code="r">2015-11-17</subfield>
    <subfield code="w">2015-11-17</subfield>
    <subfield code="y">FIS</subfield>
  </datafield>
</record>
